000 00447nam a2200157Ia 4500
008 240729s9999 xx 000 0 und d
022 _a2158-5296
245 0 _aAnalytical Approaches to World Music
260 _aUnited States
260 _bAnalytical Approaches to World Music
650 _a Music
650 _aMusic and books on Music
856 _uhttps://doaj.org/toc/507f68a0166241778be534faed7e998d
942 _2ddc
942 _cDOAJEJ
999 _c69535
_d69535
945 _a1
_bMadushi Gamage
_c1
_dMadushi Gamage